000 00950nam a2200253 i 4500
001 161701
003 ES-MaACL
005 20250723094646.0
008 040901s1834 fr |||| | fre d
040 _aCAM
_bspa
_cCAM
100 1 _aPenot, Achille.
_9130975
245 1 0 _aEntretiens sur la chimie /
_cpar Achille Penot.
260 _aParis ;
_aStrasbourg :
_bchez F.G. Levrault,
_c1834.
300 _a114 p. ;
_c14 cm.
490 1 _aMaitre Pierre ou Le savant de village
490 1 _aBibliothèque de l'instruction populaire ;
_v7
598 _aSegunda serie tomada de BN Opale-Plus.
650 0 7 _aQuímica
_2embne
_916625
740 0 2 _aMaitre Pierre ou Le savant de village.
830 0 _aMaitre Pierre ou Le savant de village
_9187710
830 0 _aBibliothèque de l'instruction populaire ;
_v7
_9187711
852 _aES-MaACL
_jD-5202(1)
_z- Enc. hol.
_x- Edic.: en el lomo consta: Instruction populaire
999 _c161701
_d161701